A scrub in the tub / (Record no. 408463)
[ view plain ]
| 000 -LEADER | |
|---|---|
| fixed length control field | 01560nam a2200469 i 4500 |
| 001 - CONTROL NUMBER | |
| control field | 23881934 |
| 005 - DATE AND TIME OF LATEST TRANSACTION | |
| control field | 20251119163310.0 |
| 008 - FIXED-LENGTH DATA ELEMENTS--GENERAL INFORMATION | |
| fixed length control field | 250625t20252025nyua b 000 1 eng d |
| 010 ## - LIBRARY OF CONGRESS CONTROL NUMBER | |
| LC control number | 2024045679 |
| 020 ## - INTERNATIONAL STANDARD BOOK NUMBER | |
| International Standard Book Number | 9781665972963 : |
| Terms of availability | 16.34 |
| 040 ## - CATALOGING SOURCE | |
| Original cataloging agency | JLGCP |
| Language of cataloging | eng |
| Description conventions | rda |
| 050 00 - LIBRARY OF CONGRESS CALL NUMBER | |
| Classification number | PZ7.T36694 |
| Item number | Sc 2025 |
| 082 00 - DEWEY DECIMAL CLASSIFICATION NUMBER | |
| Classification number | [E] |
| Edition number | 23 |
| 092 ## - LOCALLY ASSIGNED DEWEY CALL NUMBER (OCLC) | |
| Classification number | F THOMAS |
| 100 1# - MAIN ENTRY--PERSONAL NAME | |
| Personal name | Thomas, Jan, |
| Dates associated with a name | 1958- |
| Relator term | author. |
| 9 (RLIN) | 5711239 |
| 245 12 - TITLE STATEMENT | |
| Title | A scrub in the tub / |
| Statement of responsibility, etc | Jan Thomas. |
| 250 ## - EDITION STATEMENT | |
| Edition statement | First edition. |
| 264 #1 - Production, Publication, Distribution, Manufacture, and Copyright Notice. | |
| Place of production, publication, distribution, manufacture | New York : |
| Name of producer, publisher, distributor, manufacturer | Beach Lane Books, |
| Date of production, publication, distribution, manufacture, or copyr | [2025] |
| 264 #4 - Production, Publication, Distribution, Manufacture, and Copyright Notice. | |
| Date of production, publication, distribution, manufacture, or copyr | ©2025 |
| 300 ## - PHYSICAL DESCRIPTION | |
| Extent | 1 volume (unpaged) : |
| Other physical details | color illustrations ; |
| Dimensions | 24 cm |
| 336 ## - Content Type | |
| Content type term | still image |
| 336 ## - Content Type | |
| Content type term | text |
| 337 ## - Media type | |
| Media type term | unmediated |
| 338 ## - Carrier type | |
| Carrier type term | volume |
| 510 3# - CITATION/REFERENCES NOTE | |
| Name of source | Junior Library Guild |
| 520 ## - SUMMARY, ETC. | |
| Summary, etc | With help from his friends, a smelly pig discovers the perks of getting clean. |
| 521 1# - TARGET AUDIENCE NOTE | |
| Target audience note | Ages 5-7. |
| 521 2# - TARGET AUDIENCE NOTE | |
| Target audience note | Grades K-2. |
| 586 ## - AWARDS NOTE | |
| Awards note | A Junior Library Guild selection (JLG) |
| 650 #0 - SUBJECT ADDED ENTRY--TOPICAL TERM | |
| Topical term or geographic name as entry element | Animals |
| Form subdivision | Juvenile fiction. |
| 9 (RLIN) | 5678723 |
| 650 #0 - SUBJECT ADDED ENTRY--TOPICAL TERM | |
| Topical term or geographic name as entry element | Baths |
| Form subdivision | Juvenile fiction. |
| 9 (RLIN) | 5696121 |
| 650 #0 - SUBJECT ADDED ENTRY--TOPICAL TERM | |
| Topical term or geographic name as entry element | Swine |
| Form subdivision | Juvenile fiction. |
| 9 (RLIN) | 5675899 |
| 650 #1 - SUBJECT ADDED ENTRY--TOPICAL TERM | |
| Topical term or geographic name as entry element | Animals |
| Form subdivision | Fiction. |
| 9 (RLIN) | 5678722 |
| 650 #1 - SUBJECT ADDED ENTRY--TOPICAL TERM | |
| Topical term or geographic name as entry element | Baths |
| Form subdivision | Fiction. |
| 9 (RLIN) | 5696122 |
| 650 #1 - SUBJECT ADDED ENTRY--TOPICAL TERM | |
| Topical term or geographic name as entry element | Pigs |
| Form subdivision | Fiction. |
| 9 (RLIN) | 5684927 |
| 650 #7 - SUBJECT ADDED ENTRY--TOPICAL TERM | |
| Topical term or geographic name as entry element | Animals |
| Form subdivision | Fiction. |
| Source of heading or term | sears |
| 9 (RLIN) | 5678722 |
| 650 #7 - SUBJECT ADDED ENTRY--TOPICAL TERM | |
| Topical term or geographic name as entry element | Baths |
| Form subdivision | Fiction. |
| Source of heading or term | sears |
| 9 (RLIN) | 5696122 |
| 650 #7 - SUBJECT ADDED ENTRY--TOPICAL TERM | |
| Topical term or geographic name as entry element | Pigs |
| Form subdivision | Fiction. |
| Source of heading or term | sears |
| 9 (RLIN) | 5684927 |
| 655 #7 - INDEX TERM--GENRE/FORM | |
| Genre/form data or focus term | Animal fiction. |
| Source of term | lcgft |
| 9 (RLIN) | 5748285 |
| 655 #7 - INDEX TERM--GENRE/FORM | |
| Genre/form data or focus term | Picture books. |
| Source of term | lcgft |
| 942 ## - ADDED ENTRY ELEMENTS (KOHA) | |
| Source of classification or shelving scheme | Dewey Decimal Classification |
| Koha item type | BOOK |
| Withdrawn status | Lost status | Source of classification or shelving scheme | Damaged status | Not for loan | Collection code | Home library | Current library | Shelving location | Date acquired | Source of acquisition | Total Checkouts | Full call number | Barcode | Date last seen | Cost, replacement price | Price effective from | Koha item type |
|---|---|---|---|---|---|---|---|---|---|---|---|---|---|---|---|---|---|
| Dewey Decimal Classification | Children Graphic Novels | Wasatch County Library | Wasatch County Library | Main Floor Childrens Area | 08/06/2025 | Ingram | E GN Thomas | 34301002163501 | 08/06/2025 | 17.99 | 08/06/2025 | BOOK |
